000
00324 a2200145 4500
001
169641
020
_a
040
_c
Magnum
100
_a
Ministerio da Educacao e Cultura
240
1
0
_a
Educacao de jovens e adultos
_l
por
245
1
0
_a
Educacao de jovens e adultos
362
0
_a
1899
697
_a
ENSINO
942
_c
BK
999
_c
169641
_d
169641